গনপ্রজাতণ্ত্রী বাংলাদেশের সংবিধান/ (Record no. 3392)
[ view plain ]
| 000 -LEADER | |
|---|---|
| fixed length control field | 01197nam a2200241Ia 4500 |
| 003 - CONTROL NUMBER IDENTIFIER | |
| control field | BUBTL |
| 008 - FIXED-LENGTH DATA ELEMENTS--GENERAL INFORMATION | |
| fixed length control field | 151213s9999 xx 000 0 und d |
| 041 ## - LANGUAGE CODE | |
| Language code of text/sound track or separate title | Bengali |
| Language code of original | English |
| 082 ## - DEWEY DECIMAL CLASSIFICATION NUMBER | |
| Classification number | 342.5492/ 2000 |
| 100 ## - MAIN ENTRY--PERSONAL NAME | |
| Personal name | |
| 9 (RLIN) | 5852 |
| 245 ## - TITLE STATEMENT | |
| Title | গনপ্রজাতণ্ত্রী বাংলাদেশের সংবিধান/ |
| Statement of responsibility, etc. | গণপ্রজাতন্ত্রী বাংলাদেশ সরকার |
| 246 ## - VARYING FORM OF TITLE | |
| Title proper/short title | The Constitution of The People's Republic of Bangladesh |
| 260 ## - PUBLICATION, DISTRIBUTION, ETC. (IMPRINT) | |
| Place of publication, distribution, etc. | ঢাকা : |
| Date of publication, distribution, etc. | c2000 |
| Name of publisher, distributor, etc. | আইন, বিচার ও সংসদ বিষয়ক মন্ত্রনালয়, |
| 300 ## - PHYSICAL DESCRIPTION | |
| Extent | [ix], 185 p. : |
| Other physical details | 24 cm. |
| 505 ## - FORMATTED CONTENTS NOTE | |
| Formatted contents note | গণপ্রজাতন্ত্রী বাংলাদেশের সংবিধান, গণপ্রজাতন্ত্রী বাংলাদেশ সরকার, The Constitution of The People's Republic of Bangladesh |
| 526 ## - STUDY PROGRAM INFORMATION NOTE | |
| Program name | Law |
| 650 ## - SUBJECT ADDED ENTRY--TOPICAL TERM | |
| Topical term or geographic name as entry element | Law |
| 650 ## - SUBJECT ADDED ENTRY--TOPICAL TERM | |
| Topical term or geographic name as entry element | |
| 9 (RLIN) | 5853 |
| 700 ## - ADDED ENTRY--PERSONAL NAME | |
| Personal name | আইন, বিচার ও সংসদ বিষয়ক মণত্রণালয় |
| 9 (RLIN) | 5854 |
| 856 ## - ELECTRONIC LOCATION AND ACCESS | |
| Password | 0 |
| Logon | 0 |
| Link text | Download |
| 942 ## - ADDED ENTRY ELEMENTS (KOHA) | |
| Source of classification or shelving scheme | |
| Koha item type | Books |
| Withdrawn status | Lost status | Source of classification or shelving scheme | Damaged status | Not for loan | Collection code | Permanent location | Current location | Shelving location | Date acquired | Source of acquisition | Inventory number | Total Checkouts | Full call number | Barcode | Date last seen | Copy number | Price effective from | Koha item type |
|---|---|---|---|---|---|---|---|---|---|---|---|---|---|---|---|---|---|---|
| Not For Loan | Non-fiction | Bangladesh University of Business and Technology Library | Bangladesh University of Business and Technology Library | Law Stacks | 12/08/2000 | Purchase | 2485 | 342.5492/ 2000 | BUBTL-20032485 | 07/29/2024 | C-1 | 07/29/2024 | Books |
